| 000 | 01526cam a22003374a 4500 | ||
|---|---|---|---|
| 999 |
_c328735 _d328735 |
||
| 001 | 12647315 | ||
| 003 | Nust | ||
| 005 | 20170414132433.0 | ||
| 008 | 020116s2003 flua bf 001 0 eng | ||
| 010 | _a 2002016110 | ||
| 020 | _a1566705363 (v. 1 : alk. paper) | ||
| 020 | _a1566705479 (v. 2 : alk. paper) | ||
| 040 |
_aDLC _cDLC _dDLC |
||
| 042 | _apcc | ||
| 050 | 0 | 0 |
_aRA565 _b.K67 2003 |
| 082 | 0 | 0 |
_a363.7 KOR _221 |
| 100 | 1 | _aKoren, Herman. | |
| 245 | 1 | 0 |
_aHandbook of environmental health / _cHerman Koren, Michael Bisesi. |
| 246 | 3 | 0 | _aEnvironmental health |
| 250 | _a4th ed. | ||
| 260 |
_aBoca Raton, Fla. : _bLewis Pub. ; _cc2003. |
||
| 300 |
_a2 v. : _bill. ; _c24 cm. |
||
| 500 | _a"Co-published with the National Environmental Health Association." | ||
| 501 | _aH.B | ||
| 504 | _aIncludes bibliographical references and index. | ||
| 505 | 0 | _av. 1. Biological, chemical, and physical agents of environmentally related disease -- v. 2. Pollutant interactions in air, water, and soil. | |
| 650 | 0 |
_aEnvironmental health _vHandbooks, manuals, etc. |
|
| 650 | 0 |
_aEnvironmental engineering _vHandbooks, manuals, etc. |
|
| 700 | 1 | _aBisesi, Michael S. | |
| 856 | 4 | 2 |
_3Publisher description _uhttp://www.loc.gov/catdir/enhancements/fy0646/2002016110-d.html |
| 906 |
_a7 _bcbc _corignew _d1 _eocip _f20 _gy-gencatlg |
||
| 942 |
_2ddc _cBK _k363.7 KOR |
||